000 00373nam a2200133 i 4500
001 bg
245 0 _aOptymalizacja dyskretna :
_bzastosowania ekonomiczne : praca zbiorowa /
_cpod red. Tadeusza Kasprzaka.
260 _aWarszawa,
_c1984.
700 1 _aKasprzak, Tadeusz.
_eRed.
040 _cBPK
041 _apol
942 _cKS
008 s pl f |000 0 pol
999 _c22689
_d22689
856 _uhttp://koha.tu.koszalin.pl/cgi-bin/koha/opac-detail.pl?biblionumber=22689
_yKatalog online BPK